000 01604nam a22002537a 4500
999 _c56727
_d56727
003 Ge_BSU
005 20190421015955.0
008 190410s2019 ge ||||| |||| 00| 0 geo d
020 _a9789941264337
041 _ageo
080 _a811.353. 1 ფ-98
100 _aფუტკარაძე, ტარიელ
_9128
245 _aქართველოლოგიის თანამედროვე გამოწვევები = Contemporary Challenges of Kartvelology /
_cტარიელ ფუტკარაძე ; რედ. მერაბ ჩუხუა ; საქართველოს საპატრიარქოს წმიდა ანდრია პირველწოდებულის სახელობის ქართული უნივერსიტეტი.
260 _aთბილისი :
_bუნივერსალი,
_c2019.
300 _a340 გვ ;
_c22 სმ.
500 _aსაძიებელი გვ:319-339
505 _a
546 _aპარალელური სათაური ინგლისურ ენაზე.
653 _aქართველოლოგია
653 _aქართული ენა
700 _aჩუხუა, მერაბ
_9130
_eრედაქტორი
710 _4საქართველოს საპატრიარქოს წმიდა ანდრია პირველწოდებულის სახელობის ქართული უნივერსიტეტი.
_9160
942 _2udc
_cBK